Top Ten Inventions - Statistics

General Stats
  • This quiz has been taken 72 times
  • The average score is 3 of 10
Answer Stats
Starts With... Invention % Correct
"T" Telephone
75%
"A" Automobile
64%
"C" Computer
64%
"T" Television
52%
"L" Light Bulb
27%
"C" Camera
11%
"C" Cotton Gin
11%
"S" Steam Engine
9%
"P" Penicillin
8%
"S" Sewing Machine
0%
No matching quizzes found
Score Distribution
Percent of People with Each Score
Percentile by Number Answered
Your Score History
You have not taken this quiz